Every single Nfl Quarterback (2022) - Statistics

General Stats
  • This quiz has been taken 27 times
    22 since last reset
  • The average score is 64 of 110
Answer Stats
Hint Answer % Correct
Packers Aaron Rodgers
100%
Seahawks Geno Smith
100%
Lions Jared Goff
100%
Ravens Lamar Jackson
100%
Bengals Brandon Allen
94%
Cowboys Dak Prescott
94%
Giants Daniel Jones
94%
49rs Jimmy Garoppolo
94%
Bills Josh Allen
94%
Bears Justin Fields
94%
Vikings Kirk Cousins
94%
Texans Kyle Allen
94%
Patriots Mac Jones
94%
Rams Matthew Stafford
94%
Colts Matt Ryan
94%
Chiefs Patrick Mahomes
94%
Buccaneers Tom Brady
94%
Jaguars Trevor Lawrence
94%
Jets Zach Wilson
94%
Panthers Baker Mayfield
88%
Raiders Derek Carr
88%
Browns Deshaun Watson
88%
Seahawks Drew Lock
88%
Browns Jacoby Brissett
88%
Eagles Jalen Hurts
88%
Saints Jameis Winston
88%
Bengals Joe Burrow
88%
Packers Jordan Love
88%
Cardinals Kyler Murray
88%
Broncos Russell Wilson
88%
Dolphins Teddy Bridgewater
88%
49rs Trey Lance
88%
Dolphins Tua Tagovailoa
88%
Saints Andy Dalton
82%
Patriots Bailey Zappe
82%
Commanders Carson Wentz
82%
Steelers Kenny Pickett
82%
Falcons Marcus Mariota
82%
Titans Ryan Tannehill
82%
Chiefs Chad Henne
76%
Jets Joe Flacco
76%
Chargers Justin Herbert
76%
Titans Malik Willis
76%
Steelers Mitch Trubisky
76%
Panthers Sam Darnold
76%
Commanders Taylor Heinicke
76%
Jets Mike White
71%
Panthers PJ Walker
71%
Ravens Tyler Huntley
71%
Bills Case Keenum
65%
Cowboys Cooper Rush
65%
Texans Davis Mills
65%
Eagles Gardner Minshew
65%
Broncos Josh Johnson
65%
Colts Nick Foles
65%
Colts Sam Ehlinger
65%
Giants Tyrod Taylor
65%
Falcons Desmond Ridder
59%
49rs Brock Purdy
53%
Chargers Chase Daniel
53%
Rams John Wolford
53%
Dolphins Skyler Thompson
53%
Bears Trevor Siemian
53%
Buccaneers Blaine Gabbert
47%
Patriots Brian Hoyer
47%
Jaguars C.J Beathard
47%
Cardinals Colt McCoy
47%
Buccaneers Kyle Trask
47%
Buccaneers Ryan Griffen
47%
Eagles Ian Book
41%
Raiders Jarrett Stidham
41%
Steelers Mason Rudolph
41%
Panthers Matt Corral
41%
Commanders Sam Howell
41%
Broncos Brett Rypien
35%
Rams Bryce Perkins
35%
Browns Joshua Dobbs
35%
Browns Kellon Mond
35%
Lions Nate Sudfeld
35%
Vikings Nick Mullens
35%
Cardinals Trace McSorley
35%
Ravens Anthony Brown
29%
Giants Davis Webb
29%
Chargers Easton Stick
29%
Saints Jake Luton
29%
Seahawks Sean Mannion
29%
Lions Tim Boyle
29%
Chiefs Chris Oladokun
24%
Jets Chris Streveler
24%
Vikings David Blough
24%
Patriots Garret Gilbert
24%
Texans Jeff Driskel
24%
Titans Logan Woodside
24%
Bears Nathan Peterman
24%
Cowboys Will Grier
24%
Panthers D'Eriq King
18%
49rs Kurt Benkurt
18%
Bills Matt Barkley
18%
Falcons AJ McCarron
12%
Commanders Jake Fromm
12%
Chiefs Shane Buechele
12%
Giants Tommy Stevens
12%
Raiders Chase Garbers
6%
Packers Danny Etling
6%
Jaguars E.J Perry
6%
Bengals Jake Browning
6%
Giants Clayton Thorson
0%
Colts Jalen Morton
0%
Steelers Nick Schiessler
0%
Seahawks Skylar Howard
0%
No matching quizzes found
Score Distribution
Percent of People with Each Score
Percentile by Number Answered
Your Score History
You have not taken this quiz since the last reset